000
00357nam a2200169Ia 4500
001
20096
005
20250626030847.0
008
211022s9999 xx 000 0 und d
082
_a
779.095 ARS
100
_a
Arshad, Rashid
245
0
_a
Chobi mella III
260
_a
260
_b
Dirk Production
260
_c
2004
300
_a
21:35
942
_c
CD
999
_c
13121
_d
13121